| 000 | 01795nam a22002897a 4500 | ||
|---|---|---|---|
| 001 | 3631 | ||
| 003 | FISKH | ||
| 005 | 20240401104924.0 | ||
| 008 | 240401b cb ||||| |||| 00| 0 eng d | ||
| 020 | _a9789995054786 | ||
| 040 |
_aFISKH _bkhr _cFISKH _dFISKH |
||
| 050 | _aPZ7 | ||
| 082 | _a920 | ||
| 100 | _aLabbé, Brigitte. | ||
| 245 |
_aខ្ញុំចង់ដឹងជីវិតរបស់... ដាវិន / _cនិពន្ធដោយ Brigitte Labbé និង Michel Puech រូបភាពដោយ Jean-Pierre Joblin. |
||
| 260 |
_aPhnom Penh : _bSipar, _c2010. |
||
| 300 |
_a40 pages : _bcolor illustrations ; _c20 cm |
||
| 500 | _aច្បាប់ដើមបានត្រូវបោះពុម្ពផ្សាយក្រោមចំណងជើងថា Darwin c 2009 Édition Milan | ||
| 520 | _aនៅអាយុ ២២ឆ្នាំ ឆាល ដាវិនចុះសំពៅ ដើម្បីធ្វើដំណើរតាមសមុទ្ររយៈពេល៥ឆ្នាំ។ គឺជាដំណើរជុំវិញផែនដី ដែលអាចឳ្យគាត់រកឃើញអ្វិដែលធ្វើឳ្យកែប្រែជំនឿរបស់មនុស្សលើជីវិត និងលើកំណើតរបស់មនុស្ស។ | ||
| 520 | _aAt the age of 22, Charles Darwin embarked on a five-year voyage. It was a journey around the earth that allowed him to discover what changed people's beliefs about life and birth. | ||
| 650 | _aដំណើរជុំវិញពិភពលោក | ||
| 650 | _aThe journey around the world | ||
| 700 |
_aPuech, Michel _eAuthor |
||
| 700 |
_aJoblin, Jean-Pierre _eillustrator |
||
| 942 |
_2ddc _cKHB _n0 |
||
| 999 |
_c3631 _d3631 |
||